Premier League Appearances by Nationality: Chile - Statistics

General Stats
  • This quiz has been taken 12 times
  • The average score is 5 of 10
Answer Stats
Appearances Player % Correct
154 Alexis Sanchez
100%
34 Gary Medel
82%
29 Claudio Bravo
64%
67 Jean Beausejour
45%
34 Gonzalo Jara
36%
24 Javier Margas
36%
34 Ben Brereton Diaz
27%
25 Mark Gonzalez
27%
26 Mauricio Isla
27%
46 Clarence Acuna
18%
No matching quizzes found
Score Distribution
Percent of People with Each Score
Percentile by Number Answered
Your Score History
You have not taken this quiz